Animal behavior an evolutionary approach

Spremljeno u:
Bibliografski detalji
Glavni autor: Alcock, John 1942-
Format: Knjiga
Jezik:English
Izdano: Sunderland, Mass. Sinauer Associates 2009
Izdanje:9th ed.
Teme:
Oznake: Dodaj oznaku
Bez oznaka, Budi prvi tko označuje ovaj zapis!
Thư viện lưu trữ: Mạng thư viện Đại học Đà Nẵng
LEADER 01107nam a2200313 4500
001 000024411
003 20899
005 20161208141256.0
008 161208s2009 engsd
020 |a 9780878932252 (pbk. : alk. paper) 
041 0 |a eng 
082 1 4 |a 591.5  |b AL-J 
100 1 |a Alcock, John  |d 1942- 
245 1 0 |a Animal behavior  |b an evolutionary approach  |c John Alcock. 
250 |a 9th ed. 
260 |a Sunderland, Mass.  |b Sinauer Associates  |c 2009 
300 |a xvi, 606 p.  |b ill (chiefly col.), maps, port.  |c 28 cm. 
504 |a Includes bibliographical references (p. [553]-589) and index. 
650 0 4 |a Animal behavior  |x Evolution. 
OWN |a LSP 
AVA |a UDN50  |b LSP  |d 591.5 AL-J  |e available  |t Error 5001 Not defined in file expand_doc_bib_avail.  |f 2  |g 0  |h N  |i 0  |k 1 
999 |a From the UDN01 
AVA |a UDN50  |b LSP  |d 591.5 AL-J  |e available  |t Error 5001 Not defined in file expand_doc_bib_avail.  |f 2  |g 0  |h N  |i 0  |k 1 
TYP |a Monograph 
TYP |a Printed language 
980 |a Mạng thư viện Đại học Đà Nẵng